Tiếng Pháp lớp 11 phổ thông

में बचाया:
ग्रंथसूची विवरण
स्वरूप: पुस्तक
भाषा:Undetermined
प्रकाशित: Hà Nội Giáo dục 1977
विषय:
टैग : टैग जोड़ें
कोई टैग नहीं, इस रिकॉर्ड को टैग करने वाले पहले व्यक्ति बनें!
Thư viện lưu trữ: Trung tâm Học liệu Trường Đại học Cần Thơ
LEADER 00418nam a2200145Ia 4500
001 CTU_506
008 210402s9999 xx 000 0 und d
082 |a 440.07 
082 |b T306 
245 0 |a Tiếng Pháp lớp 11 phổ thông 
260 |a Hà Nội 
260 |b Giáo dục 
260 |c 1977 
650 |a french language - study and teaching 
980 |a Trung tâm Học liệu Trường Đại học Cần Thơ